Cloud Computing for Dummies (Record no. 8453)

MARC details
000 -LEADER
fixed length control field 00302nam a22001217a 4500
008 - FIXED-LENGTH DATA ELEMENTS--GENERAL INFORMATION
fixed length control field 200131b ||||| |||| 00| 0 eng d
020 ## - INTERNATIONAL STANDARD BOOK NUMBER
International Standard Book Number 978-8126524877
050 ## - LIBRARY OF CONGRESS CALL NUMBER
Classification number 004.69
Item number HUC
100 ## - MAIN ENTRY--PERSONAL NAME
Personal name HURWITZ,Judith etc
245 ## - TITLE STATEMENT
Title Cloud Computing for Dummies
250 ## - EDITION STATEMENT
Edition statement Page-332
260 ## - PUBLICATION, DISTRIBUTION, ETC. (IMPRINT)
Name of publisher, distributor, etc Jony Willy
Date of publication, distribution, etc 2009
Holdings
Withdrawn status Lost status Source of classification or shelving scheme Damaged status Koha normalized classification for sorting Not for loan Koha collection Location (home branch) Sublocation or collection (holding branch) Shelving location Date acquired Source of acquisition Currency Cost, normal purchase price Bill Number Koha issues (times borrowed) Koha full call number Piece designation (barcode) Koha date last seen Copy number Actual Cost, discounted price Bill Date Koha item type
    Dewey Decimal Classification   004_690000000000000_HUC   B.Tech(CSE) PIET C-LIBRARY PIET C-LIBRARY New Arrival Sec. N02 31/01/2020 KIRTI PRAKASHAN NEW DELHI IN Rupees 499.00 IN5960   004.69 HUC 31629 31/01/2020 1 339.32 03/01/2020 Reference Books

Design & Developed by: PIET Central Library
R70 Miles Stone Pattikalyana Samalkha Panipat 132102
mail ID :- [email protected], Phone No:- 0180-2569700 Ex.216